[Event "Pan American-ch School U13 12th"]
[Site "Callao"]
[Date "2023.10.20"]
[Round "8"]
[White "Poma Bernal, Cristian Andres"]
[Black "Fabrega Van Der Laat, Jose Bernardo"]
[Result "1-0"]
[WhiteElo "1233"]
[BlackElo "1371"]
[PlyCount "80"]
[EventDate "2023.10.16"]
[EventType "swiss"]
[EventRounds "9"]
[EventCountry "PER"]
[SourceTitle "Mega2024 Update 01"]
[Source "Chessbase"]
[SourceDate "2023.11.12"]
[SourceVersion "1"]
[SourceVersionDate "2023.11.12"]
[SourceQuality "1"]

1. d4 d5 2. c4 c6 3. cxd5 cxd5 4. Nc3 Nc6 5. Bf4 Nf6 6. e3 Bf5 7. Bd3 Bg6 8. Nf3 e6 9. 0-0 Bd6 10. Bxd6 Qxd6 11. a3 a6 12. Re1 0-0 13. Na4 Ne4 14. b4 b5 15. Nc5 Nxc5 16. dxc5 Qe7 17. Be2 Qb7 18. Nd4 Ne5 19. Nb3 Qc7 20. Na5 Rfb8 21. Qd4 Nc6 22. Nxc6 Qxc6 23. h3 f6 24. Red1 Rd8 25. Bf3 Bc2 26. Rd2 Bb3 27. e4 dxe4 28. Bxe4 Bd5 29. Bxd5 Rxd5 30. Qe4 Rxc5 31. Qxc6 Rxc6 32. a4 Rb8 33. Rda2 Rc4 34. axb5 axb5 35. Rb2 Rc7 36. Kf1 Kf7 37. Re2 e5 38. Ra6 Kg6 39. Rd6 Kf5 40. g3 h5 1-0